| 000 | 00645nam a2200241Ia 4500 | ||
|---|---|---|---|
| 003 | OSt | ||
| 005 | 20221007075318.0 | ||
| 006 | a|||||r|||| 00| 0 | ||
| 007 | ta | ||
| 008 | 221006b |||||||| |||| 00| 0 eng d | ||
| 020 | _a8121204194 | ||
| 024 | _a16,029 | ||
| 037 | _cTextual | ||
| 040 |
_aFLL _cFLL _beng |
||
| 041 |
_2eng _aeng |
||
| 082 | _aO,1:(Y5927), N2 | ||
| 100 | _aAnand Mulk Raj | ||
| 245 | 0 | _aAnthology of dalit literature (poems) | |
| 260 |
_aNew Delhi _bGyan Publishing House India _c1992 |
||
| 300 |
_a161p _ccm. |
||
| 942 |
_hO,1:(Y5927), N2 _cTEXL _2CC |
||
| 999 |
_c1155584 _d1155584 |
||